000 00677nam a2200241 i 4500
001 bgj
100 1 _aERBEN, Johannes.
245 1 0 _aDeutsche Syntax :
_beine Einführung /
_cJohannes Erben.
260 _aBern :
_bPeter Lang,
_c1984.
300 _a128 s. :
_bwykr. ;
_c25 cm.
490 _aGermanistische Lehrbuchsammlung
_vBd. 12
504 _aBibliogr. s. 107-115. Indeks.
650 _aJęzyk niemiecki
_xgramatyka
830 _aGermanistische Lehrbuchsammlung
020 _a3261034254
040 _cBPK
041 0 _ager
044 _aDEU
080 _a811.112.2'36
920 _a3-261-03425-4
942 _cKS
008 s gw f |000 0 ger
999 _c50683
_d50683